First Lines of Justin Timberlake Songs - Statistics

General Stats
  • This quiz has been taken 346 times
  • The average score is 8 of 12
Answer Stats
First Line Song Title % Correct
I'm bringing ________ / Them other boys don't know how to act SexyBack
90%
You were my sun/ You were my earth Cry Me A River
83%
Ladies and gentlemen/ It's my pleasure to introduce to you Senorita
76%
Don't be so quick to walk away/ Dance with me Rock Your Body
74%
I can't wait 'til I get you on the floor, good-looking Suit & Tie
66%
Hey girl, is he everything you wanted in a man? What Goes Around... / ...Comes Around
64%
Ain't another woman that can take your spot my My Love
60%
Aren't you somethin' to admire? Mirrors
54%
Ridin' in the drop top with the top down/ Saw you switchin' lanes girl Summer Love
54%
Just somethin' about you/ Way I'm lookin at you whatever Like I Love You
48%
Baby, everyday you're training to get the gold TKO
42%
Yeah, this was your city/ You did it all and more Take Back the Night
40%
No matching quizzes found
Score Distribution
Percent of People with Each Score
Percentile by Number Answered
Your Score History
You have not taken this quiz